Nomes que começam com E - Statistics

Estatísticas Gerais
  • Esse quiz foi jogado 131 vezes
  • A pontuação média é 10 de 34
Estatísticas das Respostas
Hint Resposta % Correto
23. Eduardo
80%
24. Eduarda
72%
5. Elisa
70%
1. Eva
70%
13. Érica
58%
3. Ema
54%
9. Emília
52%
4. Eliana
49%
6. Elisabete
44%
17. Ester
41%
31 Emanuel
38%
11. Estela
37%
32. Emílio
32%
21. Éder
30%
8. Elsa
23%
26. Enzo
23%
34. Ernesto
22%
14. Esmeralda
22%
22. Edgar
20%
12. Elma
20%
29. Eliseu
16%
16. Estefânia
16%
27. Edmundo
14%
28. Élio
14%
2. Elvira
14%
25. Eugénio
14%
18. Eugénia
13%
19. Eunice
11%
15. Esperança
8%
10. Ermelinda
7%
30. Élvio
2%
20. Evelina
1%
7. Elisate
0%
33. Emídio
0%
Nenhum quiz correspondente encontrado
Distribuição das Pontuações
Porcentagem de Pessoas com Cada Pontuação
Percentil de Números Respondidos
Sua Pontuação Histórica
Você não jogou esse quiz